The meter is running (Record no. 68295)

MARC details
000 -LEADER
fixed length control field 01025cam a2200217 4500
001 - CONTROL NUMBER
control field ABS64520
008 - FIXED-LENGTH DATA ELEMENTS--GENERAL INFORMATION
fixed length control field 010918n2001 000 0 eng u
035 ## - SYSTEM CONTROL NUMBER
System control number (Sirsi) u114631
100 ## - MAIN ENTRY--PERSONAL NAME
Personal name Burns, M.
245 #4 - TITLE STATEMENT
Title The meter is running
260 ## - PUBLICATION, DISTRIBUTION, ETC.
Date of publication, distribution, etc. 2001
490 ## - SERIES STATEMENT
Series statement Dispute Resolution News
Volume/sequential designation (10) September 2001, 7(1)
520 ## - SUMMARY, ETC.
Summary, etc. Discusses the payment of arbitrators. The parties to an arbitration are jointly liable for the arbitrator's fees, and this includes any abortive fees. Provides guidance on the point at which an arbitrator can begin to charge for his, or her, service. Confirms they are only entitled to remuneration for work they carry out after they have been appointed. Arbitrators must also accept that situations will arise where minimal, and sometimes no, fees will be forthcoming.
590 ## - LOCAL NOTE (RLIN)
Local note ABS
650 ## - SUBJECT ADDED ENTRY--TOPICAL TERM
Topical term or geographic name entry element ARBITRATORS
650 ## - SUBJECT ADDED ENTRY--TOPICAL TERM
Topical term or geographic name entry element FEES
650 ## - SUBJECT ADDED ENTRY--TOPICAL TERM
Topical term or geographic name entry element RICS DISPUTE RESOLUTION SERVICE
650 ## - SUBJECT ADDED ENTRY--TOPICAL TERM
Topical term or geographic name entry element ALTERNATIVE DISPUTE RESOLUTION
690 ## - LOCAL SUBJECT ADDED ENTRY--TOPICAL TERM (OCLC, RLIN)
Topical term or geographic name as entry element Dispute resolution
9 (RLIN) 6236
942 ## - ADDED ENTRY ELEMENTS (KOHA)
Suppress in OPAC 0
Holdings
Withdrawn status Lost status Source of classification or shelving scheme Damaged status Not for loan Home library Current library Shelving location Date acquired Total Checkouts Full call number Barcode Date last seen Copy number Price effective from Koha item type
    Dewey Decimal Classification     London London Journal article 18/09/2001   ABS64520 114631-1001 06/08/2019 1 06/08/2019 Journal article